| 000 | 01554nam1a2200313 i 4500 | ||
|---|---|---|---|
| 001 | RU\NLR\BIBL_A\012465200 | ||
| 005 | 20240921191723.0 | ||
| 035 | _a(NLR Aleph) 012465200 | ||
| 090 |
_a12046901 _c12046901 |
||
| 100 | _a20210303g20209999u y0rusy50 ca | ||
| 101 | 0 | _arus | |
| 102 | _aRU | ||
| 105 | _a||||z|||||||| | ||
| 181 | 0 |
_ai3 _baxxe |
|
| 182 | 0 | _an | |
| 200 | 1 |
_aРассветный час _eколлективный сборник прозы и поэзии _fЦентральная районная библиотека имени Г.Н. Потанина, Межпоселенческая централизованная библиотечная система Никольского муниципального района, Литературное объединение "Откровение" Никольского района _gредколлегия: Большакова А.М. (ответственный редактор) [и др.] |
|
| 203 |
_aТекст _bвизуальный _cнепосредственный |
||
| 210 |
_aНикольск _aВологда _cВОУНБ _d2020 |
||
| 333 | _a12+ | ||
| 686 | 2 | _aШ6(2=Р)8-999 | |
| 686 | 2 | _aШ6(2=Р)8-98 | |
| 702 | 1 |
_aБольшакова _bА.М. _4340 |
|
| 712 | 0 | 2 |
_4570 _a"Откровение", литературное объединение _cНикольск _9685166 _3RU\NLR\AUTH\880512316 |
| 852 |
_aNLR _j2021-3/4034 |
||
| 942 | _cBOOK | ||